The big book of motivation games : (Record no. 4809)

000 -LEADER
fixed length control field 01010nam a2200301 4500
003 - CONTROL NUMBER IDENTIFIER
control field AKMAL
005 - DATE AND TIME OF LATEST TRANSACTION
control field 20200210105556.0
008 - FIXED-LENGTH DATA ELEMENTS--GENERAL INFORMATION
fixed length control field 20 s2001 xxu 00 eng d
020 ## - INTERNATIONAL STANDARD BOOK NUMBER
International Standard Book Number 0071372342 (pbk.):
Terms of availability RM88.00
040 ## - CATALOGING SOURCE
Original cataloging agency AKMAL
082 04 - DEWEY DECIMAL CLASSIFICATION NUMBER
Classification number 658.314 EPS
Edition number 21
090 20 - LOCALLY ASSIGNED LC-TYPE CALL NUMBER (OCLC); LOCAL CALL NUMBER (RLIN)
Classification number (OCLC) (R) ; Classification number, CALL (RLIN) (NR) 658.314
Local cutter number (OCLC) ; Book number/undivided call number, CALL (RLIN) EPS
100 1# - MAIN ENTRY--PERSONAL NAME
Personal name Epstein, Robert,
Dates associated with a name 1953-
9 (RLIN) 9166
245 14 - TITLE STATEMENT
Title The big book of motivation games :
Remainder of title quick, fun activities for energizing people at work and at home /
Statement of responsibility, etc. Robert Epstein with Jessica Rogers
260 ## - PUBLICATION, DISTRIBUTION, ETC.
Place of publication, distribution, etc. New York :
Name of publisher, distributor, etc. McGraw-Hill,
Date of publication, distribution, etc. 2001
300 00 - PHYSICAL DESCRIPTION
Extent xix, 224p. :
Other physical details ill. ;
Dimensions 24cm
500 ## - GENERAL NOTE
General note Includes index
599 ## - LOCAL NOTE
Local Note DALAM PROSES
650 #0 - SUBJECT ADDED ENTRY--TOPICAL TERM
Topical term or geographic name entry element Employee motivation
9 (RLIN) 2790
650 #0 - SUBJECT ADDED ENTRY--TOPICAL TERM
Topical term or geographic name entry element Management games
9 (RLIN) 9167
700 1# - ADDED ENTRY--PERSONAL NAME
Personal name Rogers, Jessica
9 (RLIN) 9168
942 ## - ADDED ENTRY ELEMENTS (KOHA)
Source of classification or shelving scheme
Koha item type Book
Holdings
Withdrawn status Lost status Source of classification or shelving scheme Damaged status Not for loan Collection code Home library Current library Shelving location Date acquired Inventory number Total Checkouts Full call number Barcode Date last seen Price effective from Koha item type
          NON-FICTION AKMAL Melaka AKMAL Melaka PINJAMAN 06.02.2020 011267   658.314 EPS 201707819 06.02.2020 06.02.2020 Book
Pusat Sumber Maklumat Dato' Haji Sarmin Md Hussin, Akademi Kastam Diraja Malaysia, Melaka
Tel: 06-2331106 | Faks: 06-2313787